000
00323pam a2200145 a 4500
020
_c
041
_a
eng
082
_a
515
_b
RUD
100
_a
Rudin W.,.
245
_a
Real And Complex Analysis
_h
Textual Documents
250
_a
1985. /
_b
9th.
260
_a
New Delhi
_b
Tata McGraw Hill
300
_a
452p.
930
_a
9923
999
_c
86828
_d
86828